=LDR 00000nam 2200000 4500 =001 INLIS000000000013696 =005 20130612105040 =008 ***********************************Ind** =035 ##$$0010-061300000013696 =041 ##$$a Ind =082 ##$$a R.339.302 1 =090 ##$$a R.339.302 1, Pro p =245 ##$$a Produk domestik regional bruto propinsi-propinsi di Indonesia menurut lapangan usaha =260 ##$$a 2003 $b Jakarta =300 ##$$a 147 hlm, 29 cm =650 ##$$a Penghasilan negara - Statistik =850 ##$$a NBPNMAT